| 000 | 01010cam a2200121 4500500 | ||
|---|---|---|---|
| 005 | 20260405065604.0 | ||
| 041 | _afre | ||
| 042 | _adc | ||
| 245 | 0 | 0 | _aLa sous représentation des français d'origine étrangère : Crise du système représentatif ou discrimination politique |
| 260 |
_bL'Harmattan,
_c2005. |
||
| 520 | _aPourquoi les institutions françaises ne sont-elles pas à l’image de la diversité de la société ? Comment des pans entiers de la population française sont-ils exclus du processus public de décision ou y sont si peu représentés ? Comment une société peut-elle se permettre une telle anomalie sans se mettre sérieusement en danger ? Les partis politiques, les grandes organisations collectives et les institutions publiques doivent concevoir de nouvelles formes d’expression démocratique. | ||
| 856 | 4 | 1 | _uhttps://shs.cairn.info/la-sous-representation-des-francais-dorigine-etrangere--9782747581974?lang=fr&redirect-ssocas=7080 |
| 999 |
_c2197077 _d2197076 |
||